Literatură slovacă (comentarii în context comparat)

Podrobná bibliografia
Hlavný autor: Călin, Gheorghe 1935- (Autor)
Médium: Kniha
Jazyk:rumunčina
Fyzický popis:130 s. 23 cm
Vydavateľské údaje: Bucureşti Editura Universităţii 1995
ISBN:9735750171
Predmet:

MARC

LEADER 00000nam a2200000 a 4500
001 vtls001324944
003 SK-MaSNL
005 20260301235547.0
008 240318s1995 rm a r y rum
015 |a SNBZSA1998-00182 
020 |a 9735750171  |c 2100,00 Lei 
035 |a SNK000277688 
035 |a urn:nbn:sk:snk-amkhfy 
035 |a urn:nbn:sk:snk-am008gje 
035 |a 5E3A7198-343B-4FFC-AB56-5F98D8D1616F 
040 |a SNK  |b slo  |c SNK  |e AACR2 
041 0 |a rum 
044 |a RO 
080 |a 82(091):885.4=590  |2 1981 
080 |a 885.4(091)=590  |2 1981 
100 1 |a Călin, Gheorghe  |d 1935-  |4 aut  |9 297690 
245 1 0 |a Literatură slovacă  |b (comentarii în context comparat)  |c Gh. Călin 
260 |a Bucureşti  |b Editura Universităţii  |c 1995 
300 |a 130 s.  |c 23 cm 
504 |a Bibliogr. s. 129-130 
650 0 7 |a literatúra slovenská  |x dejiny  |x príručky  |2 SNK  |9 458515 
655 7 |a príručky  |2 SNK  |9 74364 
919 |a 973-575-017-1 
958 |a OND 
958 |a ZS 
958 |a TL 
958 |a RO 
958 |a NB 
958 |a LX 
999 |c 975617  |d 977547 
952 |t P60, <03>, [BOOK], {603}  |a SNK  |b SNK  |y PREZ  |7 0  |p 17A0128489  |o snkSC 95450  |i snkV 319/98  |0 0  |1 0  |4 0  |d 1998-03-25  |f 1  |l 0  |r 2025-09-12 00:00:00  |w 2026-02-24